Prieskum vplyvu faktorov makroprostredia na finančnú štruktúru slovenských MSP
Výskumy vplyvu faktorov makroprostredia na finančnú štruktúru podnikov. Zhrnutie skúmaných determinantov finančnej štruktúry podnikov a spôsob ich vyjadrenia. Zhrnutie intenzity a vplyvu skúmaných faktorov na finančnú štruktúru MSP.
Na minha lista:
| Autor principal: | |
|---|---|
| Formato: | Capítulo de Livro |
| Idioma: | eslovaco |
| Assuntos: | |
| Tags: |
Sem tags, seja o primeiro a adicionar uma tag!
|
MARC
| LEADER | 00000nla a2200000 4500 | ||
|---|---|---|---|
| 001 | 0199835 | ||
| 005 | 20240502083507.9 | ||
| 041 | 0 | |a slo | |
| 044 | |a CZ | ||
| 245 | 1 | 0 | |a Prieskum vplyvu faktorov makroprostredia na finančnú štruktúru slovenských MSP |c Lenka Kalusová |
| 520 | |a Výskumy vplyvu faktorov makroprostredia na finančnú štruktúru podnikov. Zhrnutie skúmaných determinantov finančnej štruktúry podnikov a spôsob ich vyjadrenia. Zhrnutie intenzity a vplyvu skúmaných faktorov na finančnú štruktúru MSP. | ||
| 610 | 2 | 0 | |a podnik malý |
| 610 | 2 | 0 | |a podnik stredný |
| 610 | 2 | 0 | |a zdroje finančné |
| 610 | 2 | 0 | |a štruktúra podniku finančná |
| 610 | 2 | 0 | |a prostredie podnikové |
| 610 | 2 | 0 | |a Slovensko |
| 100 | 1 | |a Kalusová, Lenka, 1987- | |